[Event "15th Varna it"]
[Site "Varna BUL"]
[Date "1976.05.??"]
[Round "1"]
[White "Ermenkov, Evgeny"]
[Black "Hernandez Onna, Roman"]
[Result "0-1"]
[WhiteElo "2435"]
[BlackElo "2460"]
[EventDate "1976.05.07"]
[PlyCount "56"]

1. e4 c6 2. d4 d5 3. Nd2 dxe4 4. Nxe4 Nd7 5. Bc4 Ngf6 6. Nxf6+ Nxf6 7. c3 Qc7
8. Ne2 e6 9. Bf4 Bd6 10. Bg3 O-O 11. Qc2 e5 12. dxe5 Bxe5 13. O-O-O Bg4 14.
Rde1 Rae8 15. Nd4 Bf4+ 16. Kb1 Bh5 17. Bd3 Bg6 18. Bxg6 hxg6 19. Qa4 Ne4 20.
Ne6 Nd2+ 21. Kc2 fxe6 22. Qxa7 Nc4 23. Re4 Bxg3 24. hxg3 Nd6 25. Reh4 c5 26.
Rg4 Rxf2+ 27. Kb1 Qc6 28. b3 Qb5 0-1

[Event "15th Varna it"]
[Site "Varna BUL"]
[Date "1976.05.??"]
[Round "1"]
[White "Espig, Lutz"]
[Black "Srebrov, Hristo"]
[Result "1-0"]
[WhiteElo "2480"]
[BlackElo "2280"]
[EventDate "1976.05.07"]
[PlyCount "84"]

1. Nf3 e6 2. g3 f5 3. Bg2 Nf6 4. O-O Be7 5. d3 Nc6 6. c4 O-O 7. Nc3 d6 8. Rb1
a5 9. a3 e5 10. b4 axb4 11. axb4 Qe8 12. Nd5 Bd8 13. Qb3 Qh5 14. b5 Ne7 15.
Nxe7+ Bxe7 16. c5+ Kh8 17. Bb2 f4 18. Ra1 Rxa1 19. Rxa1 fxg3 20. hxg3 Bg4 21.
b6 c6 22. cxd6 Bxd6 23. Ra7 Bxf3 24. exf3 Qf7 25. Qxf7 Rxf7 26. Bh3 g5 27. Be6
Re7 28. Bc8 Nd5 29. Rxb7 Rxb7 30. Bxb7 Nxb6 31. f4 gxf4 32. gxf4 Na4 33. Bxe5+
Bxe5 34. fxe5 Nc5 35. Bxc6 Kg7 36. Be4 Ne6 37. Kg2 h5 38. Kg3 Kh6 39. f4 h4+
40. Kg4 h3 41. f5 Ng5 42. Bh1 h2 1-0

[Event "15th Varna it"]
[Site "Varna BUL"]
[Date "1976.05.??"]
[Round "1"]
[White "Kuzmin, Gennady"]
[Black "Pribyl, Josef"]
[Result "1-0"]
[WhiteElo "2565"]
[BlackElo "2435"]
[EventDate "1976.05.07"]
[PlyCount "141"]

1.e4 d6 2.d4 Nf6 3.Nc3 g6 4.Nf3 Bg7 5.h3 O-O 6.Be3 c6 7.a4 a5 8.Be2 Na6 9.
O-O Nb4 10.Nd2 e5 11.dxe5 dxe5 12.Qc1 Be6 13.b3 Nd7 14.Nf3 f6 15.Nb1 Qe7 
16.c3 Na6 17.Nbd2 Rfd8 18.Nc4 Nac5 19.Qc2 Bf8 20.Rfd1 Qf7 21.Rdb1 Rdb8 22.
Nfd2 Qe7 23.Bf1 Qd8 24.b4 axb4 25.cxb4 Na6 26.b5 Nb4 27.Qc3 cxb5 28.axb5 
Rxa1 29.Rxa1 Ra8 30.Rb1 Qe7 31.Be2 h5 32.Bd1 Kh7 33.Bb3 Qf7 34.Rd1 Rc8 35.
Ra1 Nc5 36.Qxb4 Nxb3 37.Qxb3 Bxc4 38.Nxc4 Rxc4 39.Rd1 Kg7 40.b6 Rxe4 41.
Qd3 Rc4 42.Qd8 Be7 43.Qd7 Bc5 44.Bh6+ Kg8 45.Qd8+ Kh7 46.Rd7 Qxd7 47.Qxd7+
Kxh6 48.Qd2+ Kg7 49.Qd5 Rc1+ 50.Kh2 Bxb6 51.Qd7+ Kh8 52.Qf7 Rc6 53.Qxb7 
Rc7 54.Qxb6 Rf7 55.Qe6 Kg7 56.h4 Ra7 57.Kg3 Ra3+ 58.f3 Ra7 59.Kf2 Rc7 60.
Ke3 Ra7 61.Qe8 Rb7 62.Ke4 Ra7 63.Kd5 Ra5+ 64.Kc6 Ra7 65.Qb8 Rf7 66.Kd6 Rf8
67.Qb6 Rf7 68.Ke6 Kg8 69.Qd8+ Kg7 70.Qb8 Rf8 71.Qxf8+ 1-0

[Event "15th Varna it"]
[Site "Varna BUL"]
[Date "1976.05.??"]
[Round "1"]
[White "Prodanov, Dimitar"]
[Black "Inkiov, Ventzislav"]
[Result "1/2-1/2"]
[WhiteElo "2315"]
[BlackElo "2330"]
[EventDate "1976.05.07"]
[PlyCount "102"]

1. e4 c5 2. Nf3 d6 3. d4 cxd4 4. Nxd4 Nf6 5. Nc3 a6 6. Be3 e5 7. Nf3 h6 8. Bc4
Be7 9. a4 O-O 10. O-O Be6 11. Bb3 Nc6 12. Nd2 Na5 13. Bxe6 fxe6 14. f4 exf4 15.
Rxf4 Rc8 16. Qe2 Qc7 17. Raf1 Nc4 18. Nxc4 Qxc4 19. Qd3 Nd7 20. Rxf8+ Bxf8 21.
Qxc4 Rxc4 22. Rd1 Be7 23. Kf1 Nf6 24. Rd4 Ng4 25. Ke2 Rxd4 26. Bxd4 Nxh2 27. b4
Ng4 28. b5 Bf6 29. Kd3 Ne5+ 30. Bxe5 Bxe5 31. bxa6 bxa6 32. Na2 Kf7 33. Nb4 Ke8
34. Nxa6 Kd7 35. Nb4 Kc7 36. Kc4 h5 37. Nd3 Bg3 38. Kd4 g5 39. Ke3 Kb6 40. c4
g4 41. Nf4 Bxf4+ 42. Kxf4 Ka5 43. Kg5 Kxa4 44. Kxh5 Kb4 45. Kxg4 Kxc4 46. Kf3
d5 47. g4 d4 48. g5 d3 49. g6 Kc3 50. g7 d2 51. g8=Q d1=Q+ 1/2-1/2

[Event "15th Varna it"]
[Site "Varna BUL"]
[Date "1976.05.??"]
[Round "1"]
[White "Spiridonov, Nikola"]
[Black "Barczay, Laszlo"]
[Result "1/2-1/2"]
[WhiteElo "2490"]
[BlackElo "2485"]
[EventDate "1976.05.07"]
[PlyCount "31"]

1. d4 Nf6 2. Nc3 g6 3. Nf3 Bg7 4. g3 O-O 5. Bg2 d6 6. O-O Nc6 7. Rb1 Bg4 8. b4
a6 9. a4 Qd7 10. Ne1 Bh3 11. Nd5 Bxg2 12. Nxf6+ Bxf6 13. Kxg2 Bg7 14. e4 f5 15.
d5 Nd4 16. Be3 1/2-1/2

[Event "15th Varna it"]
[Site "Varna BUL"]
[Date "1976.05.??"]
[Round "1"]
[White "Tompa, Janos"]
[Black "Knezevic, Milorad"]
[Result "1/2-1/2"]
[WhiteElo "2415"]
[BlackElo "2460"]
[EventDate "1976.05.07"]
[PlyCount "54"]

1.e4 e5 2.Nf3 Nf6 3.d3 Nc6 4.Be2 d5 5.Nbd2 Bc5 6.O-O O-O 7.c3 a5 8.Qc2 Qe7
9.b3 Rd8 10.a3 Ba7 11.Bb2 dxe4 12.dxe4 Nh5 13.b4 Nf4 14.Bc4 Qf6 15.Kh1 Bg4
16.Ng1 Nxg2 17.Kxg2 Qg5 18.f4 exf4 19.Kh1 Bxg1 20.Rxg1 Rxd2 21.Qxd2 Bf3+ 
22.Rg2 Rd8 23.Bd5 Ne5 24.Rf1 Bxg2+ 25.Qxg2 Qxg2+ 26.Kxg2 c6 27.c4 Re8 
1/2-1/2

[Event "15th Varna it"]
[Site "Varna BUL"]
[Date "1976.05.??"]
[Round "2"]
[White "Barczay, Laszlo"]
[Black "Prodanov, Dimitar"]
[Result "1-0"]
[WhiteElo "2485"]
[BlackElo "2315"]
[EventDate "1976.05.07"]
[PlyCount "91"]

1. e4 e5 2. Nf3 d6 3. d4 Nf6 4. Nc3 Nbd7 5. g3 Be7 6. Bg2 O-O 7. O-O c6 8. b3
Re8 9. Bb2 Bf8 10. Re1 Qc7 11. a4 b6 12. Qd2 Bb7 13. Rad1 a6 14. d5 b5 15. dxc6
Bxc6 16. Ba3 Qa5 17. Nd5 Qxd2 18. Nxd2 Bxd5 19. exd5 Rec8 20. c4 bxa4 21. bxa4
Nc5 22. Bxc5 Rxc5 23. Rb1 Rc7 24. Rb6 Nd7 25. Rc6 Raa7 26. Rb1 f5 27. Bh3 g6
28. g4 Bh6 29. Nf3 e4 30. Nd4 Ne5 31. Rb8+ Kf7 32. gxf5 Nf3+ 33. Nxf3 exf3 34.
Bg4 gxf5 35. Bxf3 Bf4 36. a5 Kf6 37. h3 Ke5 38. Kf1 Kd4 39. Rf8 Rxc6 40. dxc6
Kxc4 41. Rxf5 Be5 42. Rf8 d5 43. Rf5 Re7 44. Rxe5 Rxe5 45. c7 Re8 46. Be2+ 1-0

[Event "15th Varna it"]
[Site "Varna BUL"]
[Date "1976.05.??"]
[Round "2"]
[White "Espig, Lutz"]
[Black "Kuzmin, Gennady"]
[Result "1/2-1/2"]
[WhiteElo "2480"]
[BlackElo "2565"]
[EventDate "1976.05.07"]
[PlyCount "40"]

1. Nf3 Nf6 2. g3 d5 3. Bg2 e6 4. O-O Be7 5. d4 O-O 6. c4 dxc4 7. Ne5 Nc6 8.
Nxc6 bxc6 9. Bxc6 Rb8 10. Nc3 Bb7 11. Bxb7 Rxb7 12. e4 Qd7 13. Qe2 Qxd4 14. Rd1
Qe5 15. Qxc4 Bc5 16. Qe2 Bd4 17. Bf4 Qa5 18. Bd2 Qe5 19. Bf4 Qa5 20. Bd2 Qe5
1/2-1/2

[Event "15th Varna it"]
[Site "Varna BUL"]
[Date "1976.05.??"]
[Round "2"]
[White "Inkiov, Ventzislav"]
[Black "Tompa, Janos"]
[Result "1/2-1/2"]
[WhiteElo "2330"]
[BlackElo "2415"]
[EventDate "1976.05.07"]
[PlyCount "81"]

1.e4 c5 2.Nf3 e6 3.d4 cxd4 4.Nxd4 Nf6 5.Nc3 d6 6.g3 a6 7.Bg2 Qc7 8.O-O Be7
9.Re1 O-O 10.g4 Nc6 11.Nxc6 bxc6 12.g5 Nd7 13.f4 d5 14.e5 Rb8 15.Ne2 a5 
16.Ng3 g6 17.Kh1 Ba6 18.Qf3 Rfe8 19.Bf1 Bxf1 20.Nxf1 Bc5 21.h4 h5 22.gxh6 
Qd8 23.Qg3 Be7 24.Re2 Bxh4 25.Qg4 Kh7 26.b3 f5 27.exf6 Bxf6 28.Rb1 e5 29.
Rg2 Rg8 30.f5 gxf5 31.Qxf5+ Kh8 32.Rxg8+ Qxg8 33.Bd2 Qh7 34.Qxh7+ Kxh7 35.
Nh2 a4 36.Ng4 axb3 37.axb3 Bh8 38.Ra1 Nc5 39.Ra7+ Kg6 40.Nf2 Ne6 41.Ra6 
1/2-1/2

[Event "15th Varna it"]
[Site "Varna BUL"]
[Date "1976.05.??"]
[Round "2"]
[White "Knezevic, Milorad"]
[Black "Ermenkov, Evgeny"]
[Result "1/2-1/2"]
[WhiteElo "2460"]
[BlackElo "2435"]
[EventDate "1976.05.07"]
[PlyCount "29"]

1. d4 Nf6 2. c4 e6 3. Nc3 d5 4. Bg5 Nbd7 5. cxd5 exd5 6. e3 Be7 7. Bd3 O-O 8.
Nf3 b6 9. O-O Bb7 10. Ne5 Nxe5 11. dxe5 Ne4 12. Bf4 Nxc3 13. bxc3 Rc8 14. Bg3
g6 15. a4 1/2-1/2

[Event "15th Varna it"]
[Site "Varna BUL"]
[Date "1976.05.??"]
[Round "2"]
[White "Pribyl, Josef"]
[Black "Suba, Mihai"]
[Result "1/2-1/2"]
[WhiteElo "2435"]
[BlackElo "2450"]
[EventDate "1976.05.07"]
[PlyCount "88"]

1. d4 Nf6 2. c4 g6 3. Nc3 Bg7 4. e4 O-O 5. f4 d6 6. Nf3 c5 7. Be2 cxd4 8. Nxd4
Nc6 9. Be3 Bd7 10. O-O a6 11. Kh1 Qb8 12. a3 Rc8 13. Rc1 Na5 14. e5 dxe5 15.
fxe5 Nh5 16. Nd5 Re8 17. Bxh5 gxh5 18. Qxh5 Qxe5 19. Qxf7+ Kh8 20. Nf5 Bxf5 21.
Rxf5 Rf8 22. Qxf8+ Rxf8 23. Rxe5 Bxe5 24. b4 Bb2 25. Re1 Nxc4 26. Bh6 Rf5 27.
Nxe7 Rh5 28. Nf5 Be5 29. g4 Rxh2+ 30. Kg1 Ra2 31. Bg7+ Kg8 32. Bxe5 Rxa3 33.
Bf6 Kf7 34. Bd4 Kg6 35. Re7 Kg5 36. Rg7+ Kf4 37. Kf2 h5 38. Ne3 Ra2+ 39. Ke1
Nxe3 40. Bxe3+ Kxe3 41. Re7+ Kd4 42. gxh5 Rh2 43. Rxb7 Rxh5 44. Kd2 Rb5 1/2-1/2

[Event "15th Varna it"]
[Site "Varna BUL"]
[Date "1976.05.??"]
[Round "2"]
[White "Srebrov, Hristo"]
[Black "Hernandez Onna, Roman"]
[Result "1/2-1/2"]
[WhiteElo "2280"]
[BlackElo "2460"]
[EventDate "1976.05.07"]
[PlyCount "101"]

1. c4 Nf6 2. Nc3 g6 3. g3 Bg7 4. Bg2 O-O 5. d3 d6 6. Nf3 Nbd7 7. O-O c6 8. Qc2
a6 9. Bd2 Re8 10. b4 e5 11. e4 Nf8 12. h3 Ne6 13. a3 Bd7 14. Kh2 Nh5 15. Qd1
Rf8 16. Ng1 Nd4 17. Nce2 Nxe2 18. Qxe2 Bf6 19. Bh6 Bg7 20. Bxg7 Nxg7 21. f4
exf4 22. gxf4 Qh4 23. Qf2 Qxf2 24. Rxf2 a5 25. Raa2 Ra7 26. Rfb2 axb4 27. axb4
Rfa8 28. Rxa7 Rxa7 29. Ne2 Ra3 30. d4 Ne8 31. d5 cxd5 32. cxd5 f6 33. Nd4 Kf7
34. Nb3 Nc7 35. Na5 b5 36. Nb7 Ne8 37. Nc5 Ke7 38. h4 dxc5 39. bxc5 Re3 40. Kg1
Kd8 41. c6 Bh3 42. Kf2 Ra3 43. e5 fxe5 44. fxe5 Bxg2 45. Kxg2 Re3 46. Rxb5 Rxe5
47. Rb8+ Kc7 48. Rb7+ Kc8 49. Rxh7 Rxd5 50. Rh8 Re5 51. Rh6 1/2-1/2

[Event "15th Varna it"]
[Site "Varna BUL"]
[Date "1976.05.??"]
[Round "3"]
[White "Ermenkov, Evgeny"]
[Black "Inkiov, Ventzislav"]
[Result "0-1"]
[WhiteElo "2435"]
[BlackElo "2330"]
[EventDate "1976.05.07"]
[PlyCount "82"]

1. c4 e5 2. Nc3 Nf6 3. Nf3 Nc6 4. a3 d5 5. cxd5 Nxd5 6. d3 Be7 7. e3 O-O 8. Be2
Be6 9. Qc2 f5 10. O-O Nb6 11. b4 a6 12. Bb2 Bf6 13. Nd2 Qe7 14. Rfe1 Qf7 15.
Bf3 Rad8 16. Rad1 Nd5 17. Nxd5 Bxd5 18. e4 fxe4 19. dxe4 Be6 20. Rb1 Bg5 21.
Nf1 Rd6 22. Ne3 Nd4 23. Bxd4 exd4 24. Nd5 c6 25. Qc5 Rdd8 26. Nb6 Be7 27. Qh5
Qf4 28. Qa5 d3 29. Re3 d2 30. Rd1 Bg4 31. Nc4 b5 32. Nb2 Bxf3 33. gxf3 Rf6 34.
Nd3 Rg6+ 35. Kf1 Qxh2 36. Ke2 Rgd6 37. f4 Qh5+ 38. Kxd2 Rxd3+ 39. Rxd3 Rxd3+
40. Kxd3 Qxd1+ 41. Ke3 Qa4 0-1

[Event "15th Varna it"]
[Site "Varna BUL"]
[Date "1976.05.??"]
[Round "3"]
[White "Hernandez Onna, Roman"]
[Black "Knezevic, Milorad"]
[Result "0-1"]
[WhiteElo "2460"]
[BlackElo "2460"]
[EventDate "1976.05.07"]
[PlyCount "51"]

1.c4 f5 2.g3 Nf6 3.Bg2 g6 4.Nf3 Bg7 5.O-O d6 6.d4 c6 7.Nc3 O-O 8.Qc2 Na6 
9.a3 Nh5 10.e4 f4 11.Ne2 e5 12.dxe5 dxe5 13.c5 Nc7 14.b4 Qe7 15.Bb2 a5 16.
h3 fxg3 17.fxg3 axb4 18.axb4 Rxa1 19.Bxa1 Nb5 20.Kh2 g5 21.Qd2 h6 22.Rd1 
Qe6 23.Qe3 g4 24.Nfg1 Qc4 25.h4 Qxb4 26.Nc1 0-1

[Event "15th Varna it"]
[Site "Varna BUL"]
[Date "1976.05.??"]
[Round "3"]
[White "Srebrov, Hristo"]
[Black "Kuzmin, Gennady"]
[Result "0-1"]
[WhiteElo "2280"]
[BlackElo "2565"]
[EventDate "1976.05.07"]
[PlyCount "74"]

1. e4 c5 2. c4 Nc6 3. Nc3 g6 4. g3 Bg7 5. Bg2 e6 6. Nge2 Nge7 7. O-O O-O 8. d3
d6 9. Be3 Nd4 10. Qd2 Nec6 11. Bh6 Ne5 12. Nxd4 cxd4 13. Bxg7 dxc3 14. Qxc3
Kxg7 15. f4 Qc7 16. fxe5 dxe5 17. g4 Bd7 18. g5 Rh8 19. Rf2 h6 20. Raf1 Be8 21.
Qd2 Rd8 22. Rf3 Qe7 23. Rf6 Qd6 24. gxh6+ Rxh6 25. Qg5 Rh5 26. Qg3 Qxd3 27.
R6f3 Qxc4 28. Qf2 Qd4 29. Re3 Rh4 30. Qf6+ Kg8 31. Kh1 Rf4 32. Rxf4 exf4 33.
Qxf4 Qd1+ 34. Bf1 e5 35. Qf6 Rd6 36. Qf3 Qxf3+ 37. Rxf3 Bc6 0-1

[Event "15th Varna it"]
[Site "Varna BUL"]
[Date "1976.05.??"]
[Round "3"]
[White "Spiridonov, Nikola"]
[Black "Pribyl, Josef"]
[Result "0-1"]
[WhiteElo "2490"]
[BlackElo "2435"]
[EventDate "1976.05.07"]
[PlyCount "82"]

1.Nf3 g6 2.c4 Nf6 3.b4 Bg7 4.Bb2 O-O 5.e3 b6 6.Be2 c5 7.a3 Bb7 8.O-O e6 9.
d3 d5 10.cxd5 exd5 11.Nbd2 Nbd7 12.bxc5 bxc5 13.Rc1 Re8 14.Rc2 Bc6 15.Qa1 
Ba4 16.Rcc1 d4 17.e4 Nd5 18.Bd1 Bxd1 19.Rcxd1 Nc3 20.Rde1 Nb6 21.e5 Ncd5 
22.Re4 Re6 23.Rc1 Qe7 24.Nc4 Nxc4 25.Rxc4 Nb6 26.Rc2 Nd7 27.Qa2 Nxe5 28.
Nxe5 Rxe5 29.Qd5 Rxd5 30.Rxe7 Bf8 31.Re4 Rb8 32.g3 Rb3 33.Rd2 Rd8 34.Kg2 
Rdb8 35.Bc1 Bd6 36.h4 h5 37.a4 Kg7 38.Rc2 Rxd3 39.Bf4 Bxf4 40.Rxf4 Rc8 41.
Kf1 f5 0-1

[Event "15th Varna it"]
[Site "Varna BUL"]
[Date "1976.05.??"]
[Round "3"]
[White "Suba, Mihai"]
[Black "Espig, Lutz"]
[Result "1/2-1/2"]
[WhiteElo "2450"]
[BlackElo "2480"]
[EventDate "1976.05.07"]
[PlyCount "35"]

1. c4 e5 2. Nc3 Nf6 3. Nf3 d6 4. d4 Nbd7 5. g3 Be7 6. Bg2 O-O 7. O-O c6 8. e4
Qc7 9. b3 a6 10. Bb2 b5 11. Qe2 Re8 12. Rfc1 Qd8 13. dxe5 dxe5 14. cxb5 axb5
15. a4 Bc5 16. axb5 Rxa1 17. Rxa1 cxb5 18. Ra8 1/2-1/2

[Event "15th Varna it"]
[Site "Varna BUL"]
[Date "1976.05.??"]
[Round "3"]
[White "Tompa, Janos"]
[Black "Barczay, Laszlo"]
[Result "1/2-1/2"]
[WhiteElo "2415"]
[BlackElo "2485"]
[EventDate "1976.05.07"]
[PlyCount "33"]

1. e4 e5 2. Nf3 Nf6 3. Nxe5 d6 4. Nf3 Nxe4 5. Qe2 Qe7 6. d3 Nf6 7. Bg5 Qxe2+ 8.
Bxe2 Be7 9. Nc3 c6 10. O-O-O Na6 11. Ne4 Nxe4 12. dxe4 Nc5 13. Bxe7 Kxe7 14.
Rhe1 Be6 15. Ng5 Rad8 16. Nxe6 Nxe6 17. g3 1/2-1/2

[Event "15th Varna it"]
[Site "Varna BUL"]
[Date "1976.05.??"]
[Round "4"]
[White "Barczay, Laszlo"]
[Black "Ermenkov, Evgeny"]
[Result "1/2-1/2"]
[WhiteElo "2485"]
[BlackElo "2435"]
[EventDate "1976.05.07"]
[PlyCount "82"]

1.e4 c5 2.Nf3 Nc6 3.d4 cxd4 4.Nxd4 Nf6 5.Nc3 d6 6.Bg5 e6 7.Qd2 a6 8.O-O-O 
Bd7 9.f4 Be7 10.Qe1 Nxd4 11.Rxd4 Qa5 12.Bxf6 gxf6 13.Be2 Rg8 14.Bf3 Rc8 
15.Qd2 Qc5 16.Kb1 b5 17.Rd1 Kf8 18.g4 Rc7 19.h4 h6 20.f5 Kg7 21.e5 Qxe5 
22.Re1 Qg3 23.Rd3 d5 24.Nxd5 exd5 25.Rxe7 Bxf5 26.Rxc7 Bxd3 27.Rxf7+ Kxf7 
28.Bxd5+ Kg7 29.Bxg8 Kxg8 30.cxd3 Qxg4 31.Qe1 Kf7 32.Kc2 f5 33.Qe5 f4 34.
Qd5+ Kg6 35.h5+ Qxh5 36.Qg8+ Kf6 37.Qd8+ Kf5 38.Qd5+ Kg4 39.Qg2+ Kh4 40.
Qh1+ Kg5 41.Qd5+ Kg4 1/2-1/2

[Event "15th Varna it"]
[Site "Varna BUL"]
[Date "1976.05.??"]
[Round "4"]
[White "Espig, Lutz"]
[Black "Spiridonov, Nikola"]
[Result "1-0"]
[WhiteElo "2480"]
[BlackElo "2490"]
[EventDate "1976.05.07"]
[PlyCount "97"]

1. Nf3 Nf6 2. c4 c5 3. Nc3 g6 4. d4 cxd4 5. Nxd4 Nc6 6. e4 d6 7. Be2 Nxd4 8.
Qxd4 Bg7 9. Bg5 O-O 10. Qd2 Be6 11. O-O Qa5 12. Rac1 Rfc8 13. b3 a6 14. a4 Rab8
15. Rfd1 Kf8 16. Qe3 Qc5 17. Qg3 Qb4 18. Rb1 Nh5 19. Bxh5 Qxc3 20. Bf3 Bf6 21.
Rdc1 Qd4 22. Be3 Qd3 23. Re1 Kg8 24. Bg4 Bxg4 25. Qxg4 b5 26. Red1 Qc2 27. cxb5
h5 28. Qh3 Qxe4 29. bxa6 d5 30. a7 Ra8 31. Bb6 Qb4 32. a5 e6 33. Qd3 Bc3 34.
Qa6 d4 35. Rd3 e5 36. Qb7 Qd6 37. Rbd1 Qe6 38. b4 Qc4 39. f4 Qxb4 40. fxe5 Qc4
41. h3 Qe6 42. Rf1 Re8 43. Rf6 Qe7 44. Qd5 Qxe5 45. Rxg6+ Kh8 46. Qxf7 Qe1+ 47.
Kh2 Qe5+ 48. Rdg3 Bd2 49. Bxd4 1-0

[Event "15th Varna it"]
[Site "Varna BUL"]
[Date "1976.05.??"]
[Round "4"]
[White "Inkiov, Ventzislav"]
[Black "Hernandez Onna, Roman"]
[Result "0-1"]
[WhiteElo "2330"]
[BlackElo "2460"]
[EventDate "1976.05.07"]
[PlyCount "72"]

1. d4 Nf6 2. c4 e6 3. g3 d5 4. Bg2 Be7 5. Nf3 O-O 6. O-O c5 7. dxc5 Bxc5 8. Qc2
Bb6 9. c5 Bc7 10. b4 e5 11. Bb2 Qe7 12. Nc3 Nc6 13. b5 Na5 14. Ba3 Rd8 15. Rad1
d4 16. Nb1 Qe8 17. c6 bxc6 18. Bb4 Bb7 19. Na3 c5 20. Bxc5 Bb6 21. Bb4 Rac8 22.
Qf5 Nc4 23. Nxe5 Bxg2 24. Naxc4 Bxf1 25. Kxf1 Qxb5 26. Nd6 Rxd6 27. Bxd6 Re8
28. Qf3 Rxe5 29. Bxe5 Qxe5 30. Rc1 g6 31. Rc2 Kg7 32. Rc6 Ne4 33. Rc2 Nxf2 34.
Qxf2 d3 35. Qxb6 dxc2 36. Qc6 Qf6+ 0-1

[Event "15th Varna it"]
[Site "Varna BUL"]
[Date "1976.05.??"]
[Round "4"]
[White "Kuzmin, Gennady"]
[Black "Suba, Mihai"]
[Result "0-1"]
[WhiteElo "2565"]
[BlackElo "2450"]
[EventDate "1976.05.07"]
[PlyCount "80"]

1.e4 e6 2.d4 d5 3.Nd2 dxe4 4.Nxe4 Bd7 5.Nf3 Bc6 6.Neg5 Nd7 7.Bd3 Be7 8.O-O
h6 9.Nxe6 fxe6 10.Bg6+ Kf8 11.c4 Bxf3 12.Qxf3+ Bf6 13.Qxb7 Ne7 14.Be4 Nb6 
15.Bf4 Qc8 16.Bxc7 Qxb7 17.Bxb7 Re8 18.b3 Bxd4 19.Rad1 Bc5 20.Rfe1 Ng6 21.
Be4 Kf7 22.Rd3 Be7 23.a4 Bf6 24.a5 Na8 25.Bd6 Rc8 26.c5 Ne7 27.b4 Nc7 28.
Bb7 Ncd5 29.f4 Nxb4 30.Rb3 Ned5 31.Bxc8 Rxc8 32.Re4 Nc6 33.Rb7+ Kg6 34.g4 
Nxa5 35.Rxa7 Nb3 36.h4 Bxh4 37.Rxe6+ Bf6 38.Kg2 Nxc5 39.f5+ Kh7 40.Bxc5 
Nf4+ 0-1

[Event "15th Varna it"]
[Site "Varna BUL"]
[Date "1976.05.??"]
[Round "4"]
[White "Pribyl, Josef"]
[Black "Prodanov, Dimitar"]
[Result "1-0"]
[WhiteElo "2435"]
[BlackElo "2315"]
[EventDate "1976.05.07"]
[PlyCount "81"]

1.e4 c5 2.Nc3 e6 3.g3 Nc6 4.Bg2 g6 5.d3 Bg7 6.Be3 Nd4 7.Nce2 Ne7 8.c3 Nxe2
9.Nxe2 d6 10.Qd2 b6 11.Bh6 O-O 12.h4 Bxh6 13.Qxh6 Kh8 14.h5 Ng8 15.Qe3 g5 
16.f4 h6 17.e5 Rb8 18.d4 Ba6 19.O-O-O Bxe2 20.Qxe2 d5 21.Rhf1 cxd4 22.Rxd4
Rc8 23.Kb1 Ne7 24.Be4 Nc6 25.Rdd1 f5 26.exf6 Qxf6 27.Bc2 gxf4 28.gxf4 Ne7 
29.Rde1 Rc6 30.Qd3 Nf5 31.Rg1 Rg8 32.Rxg8+ Kxg8 33.Rg1+ Kf7 34.Qf3 Rd6 35.
Rg6 Qe7 36.Qg4 Qh4 37.Rg7+ Kf8 38.Rg8+ Ke7 39.Bxf5 Qe1+ 40.Kc2 exf5 41.
Qg7+ 1-0

[Event "15th Varna it"]
[Site "Varna BUL"]
[Date "1976.05.??"]
[Round "4"]
[White "Srebrov, Hristo"]
[Black "Knezevic, Milorad"]
[Result "0-1"]
[WhiteElo "2280"]
[BlackElo "2460"]
[EventDate "1976.05.07"]
[PlyCount "82"]

1. e4 e5 2. Nc3 d6 3. f4 exf4 4. Bc4 Qh4+ 5. Kf1 Be6 6. Be2 Nh6 7. Nf3 Qf6 8.
b3 c6 9. Bb2 Qd8 10. h3 Nd7 11. d4 d5 12. Qd2 dxe4 13. Nxe4 Qc7 14. Bc1 Bd5 15.
Nf2 Nf5 16. Kg1 Ng3 17. Rh2 Bb4 18. Qxb4 Nxe2+ 19. Kf1 Ng3+ 20. Kg1 O-O-O 21.
Nd3 Ne2+ 22. Kf2 Nxc1 23. Rxc1 Nf6 24. Re1 Rhe8 25. Rxe8 Rxe8 26. c4 Be4 27.
Nde5 Bxf3 28. gxf3 c5 29. Qd2 cxd4 30. Nd3 Re3 31. Rg2 Qc6 32. Qd1 Qe6 33. Nxf4
Qe5 34. Nd5 Nxd5 35. cxd5 Rc3 36. Rg4 Qe3+ 37. Kg3 d3 38. Re4 Qg5+ 39. Rg4 Qe5+
40. Kh4 f5 41. Rg5 Qf4+ 0-1

[Event "15th Varna it"]
[Site "Varna BUL"]
[Date "1976.05.??"]
[Round "5"]
[White "Hernandez Onna, Roman"]
[Black "Barczay, Laszlo"]
[Result "1/2-1/2"]
[WhiteElo "2460"]
[BlackElo "2485"]
[EventDate "1976.05.07"]
[PlyCount "25"]

1. e4 c5 2. Nf3 d6 3. d4 cxd4 4. Nxd4 Nf6 5. Nc3 Nc6 6. f4 g6 7. Nxc6 bxc6 8.
e5 Nd7 9. exd6 exd6 10. Qd4 Nf6 11. Be3 Be7 12. Be2 O-O 13. O-O 1/2-1/2

[Event "15th Varna it"]
[Site "Varna BUL"]
[Date "1976.05.??"]
[Round "5"]
[White "Knezevic, Milorad"]
[Black "Inkiov, Ventzislav"]
[Result "1-0"]
[WhiteElo "2460"]
[BlackElo "2330"]
[EventDate "1976.05.07"]
[PlyCount "101"]

1. d4 d5 2. c4 dxc4 3. Nf3 Nf6 4. Qa4+ c6 5. Qxc4 Bf5 6. g3 e6 7. Bg2 Nbd7 8.
O-O Be7 9. Nbd2 O-O 10. Qb3 Nb6 11. e3 a5 12. a4 Nbd5 13. Nh4 Bg4 14. Re1 Nb4
15. h3 Bh5 16. g4 Nd7 17. gxh5 Bxh4 18. Nf3 Be7 19. Nh2 h6 20. Ng4 Bd6 21. e4
Qh4 22. Qd1 f5 23. exf5 exf5 24. Ne5 Nxe5 25. dxe5 Be7 26. Be3 Kh8 27. Bb6 f4
28. e6 Rf5 29. Qg4 Qxg4 30. hxg4 Rg5 31. Red1 Rxg4 32. Kf1 Rg5 33. Rd7 Re8 34.
Be4 Nd5 35. Bg6 Rxg6 36. hxg6 Nxb6 37. Rxb7 Nd5 38. Rc1 Bf6 39. Rxc6 Ne7 40.
Rcb6 Nxg6 41. Rb8 Rxb8 42. Rxb8+ Kh7 43. b4 axb4 44. a5 f3 45. a6 Bd4 46. Rxb4
Bc5 47. Rb5 Bd4 48. Rd5 Bb6 49. Rd7 Kg8 50. e7 Kf7 51. Rd6 1-0

[Event "15th Varna it"]
[Site "Varna BUL"]
[Date "1976.05.??"]
[Round "5"]
[White "Prodanov, Dimitar"]
[Black "Espig, Lutz"]
[Result "0-1"]
[WhiteElo "2315"]
[BlackElo "2480"]
[EventDate "1976.05.07"]
[PlyCount "134"]

1. e4 c5 2. Nf3 e6 3. d4 cxd4 4. Nxd4 Nf6 5. Nc3 d6 6. Be2 Be7 7. O-O O-O 8. f4
Nc6 9. Be3 Bd7 10. Qe1 Nxd4 11. Bxd4 Bc6 12. Qg3 g6 13. Bd3 b5 14. a3 a5 15.
Rae1 b4 16. axb4 axb4 17. Nd1 Nh5 18. Qe3 Qb8 19. c3 e5 20. fxe5 dxe5 21. Bc5
Bxc5 22. Qxc5 Bd7 23. cxb4 Nf4 24. Nf2 Rc8 25. Qe7 Ra7 26. Qf6 Rc6 27. Qg5 f6
28. Qg3 Qxb4 29. Qe3 Rac7 30. g3 Nh3+ 31. Nxh3 Bxh3 32. Rf2 Kg7 33. Bf1 Bc8 34.
Rd2 Be6 35. Ra1 Bf7 36. Rf2 Rb7 37. Ra8 Rd6 38. Ra6 Rxa6 39. Bxa6 Rb6 40. Bf1
Qd6 41. Qd2 Qb8 42. Bg2 Rd6 43. Qe2 Qb6 44. Bf3 Bb3 45. Kg2 Bd1 46. Qc4 Bxf3+
47. Kxf3 Qb7 48. Rc2 Kh6 49. Re2 Rd4 50. Qe6 Kg7 51. g4 Qc7 52. h4 Rd6 53. Qe8
Rd8 54. Qe6 Rd6 55. Qe8 Rd7 56. h5 Rd3+ 57. Kg2 Rd8 58. Qe6 Rd6 59. Qb3 Qd7 60.
Qh3 Rd3 61. h6+ Kf8 62. Re3 Rd2+ 63. Kf3 Rxb2 64. Qf1 Qd2 65. Qe2 Qxe2+ 66.
Rxe2 Rxe2 67. Kxe2 Kf7 0-1

[Event "15th Varna it"]
[Site "Varna BUL"]
[Date "1976.05.??"]
[Round "5"]
[White "Spiridonov, Nikola"]
[Black "Kuzmin, Gennady"]
[Result "0-1"]
[WhiteElo "2490"]
[BlackElo "2565"]
[EventDate "1976.05.07"]
[PlyCount "82"]

1.Nf3 Nf6 2.c4 b6 3.g3 Bb7 4.Bg2 e6 5.O-O Be7 6.b3 O-O 7.Bb2 d5 8.d4 dxc4 
9.bxc4 c5 10.e3 Qc7 11.Nbd2 Nbd7 12.Qb3 Rfd8 13.a4 Bc6 14.Rfd1 Rab8 15.
Rac1 Qb7 16.Ne1 Bxg2 17.Nxg2 Bd6 18.Nh4 Bf8 19.Nhf3 h6 20.Ne1 cxd4 21.exd4
e5 22.d5 Re8 23.Ra1 e4 24.Nf1 Ne5 25.h3 Qc8 26.Bxe5 Rxe5 27.Kg2 Bc5 28.Ne3
Bxe3 29.Qxe3 Qxc4 30.Rd4 Qc5 31.d6 Rd8 32.Rad1 Re6 33.d7 Re7 34.Kh2 Rexd7 
35.Rxd7 Rxd7 36.Rxd7 Nxd7 37.Qxe4 Qxf2+ 38.Ng2 Nf6 39.Qa8+ Kh7 40.Qxa7 Ne4
41.Qc7 Nd2 0-1

[Event "15th Varna it"]
[Site "Varna BUL"]
[Date "1976.05.??"]
[Round "5"]
[White "Suba, Mihai"]
[Black "Srebrov, Hristo"]
[Result "1-0"]
[WhiteElo "2450"]
[BlackElo "2280"]
[EventDate "1976.05.07"]
[PlyCount "103"]

1. c4 e5 2. Nc3 Nc6 3. e3 g6 4. d4 exd4 5. exd4 d6 6. h3 Bg7 7. Nf3 Nge7 8. d5
Nb8 9. Bd3 O-O 10. O-O Nd7 11. Re1 Nc5 12. Bg5 f6 13. Bf4 a5 14. Nd4 Bd7 15.
Bc2 Re8 16. h4 Nf5 17. Nxf5 Bxf5 18. Bxf5 gxf5 19. Qc2 Qd7 20. Ne2 Re5 21. Ng3
Re4 22. Nxe4 fxe4 23. Re3 Qg4 24. Bh6 Bxh6 25. Rg3 Qxg3 26. fxg3 Be3+ 27. Kh2
Bd4 28. Rf1 Re8 29. Qd2 Nd3 30. b3 Re7 31. Kh3 c5 32. dxc6 bxc6 33. g4 c5 34.
Qxa5 Nf2+ 35. Kg3 e3 36. Kf3 Kf7 37. Re1 Nd3 38. Re2 Ne5+ 39. Kg3 Ng6 40. Qa8
Kg7 41. a4 Nf8 42. a5 Ne6 43. Kf3 h5 44. gxh5 f5 45. g3 Be5 46. Rxe3 Kh7 47. a6
Rg7 48. Rxe5 dxe5 49. a7 e4+ 50. Kf2 e3+ 51. Kxe3 Rxg3+ 52. Kf2 1-0